000 00590nam a2200181 i 4500
001 26327
003 ES-MaACL
007 t|
008 030108s1954 sp ||||1| spa d
100 1 _aArthus, André.
_923461
245 1 3 _aUn mundo desconocido
_b: nuestros hijos ; El libro de los padres /
_cAndré Arthus ; [traducción de Carlos Soldevila].
250 _a[1ª ed.].
260 _aBarcelona :
_bArgos,
_c[1954] (
_fAgustín Núñez)
300 _a256 p. ;
_c19 cm.
700 1 _aSoldevila, Carles.
_9107110
740 3 _aEl libro de los padres.
852 _aES-MaACL
_jC-9153
_bR.36574
999 _c26327
_d26327